Every Feature on Drake Albums - Statistics

General Stats
  • This quiz has been taken 22 times
  • The average score is 80 of 140
Answer Stats
Album/Mixtape/Single Song Feature % Correct
Thank Me Later Light Up Jay-Z
100%
Nothing Was The Same Pound Cake/ Paris Morton Music 2 Jay-Z
100%
Scorpion Talk Up Jay-Z
100%
Certified Lover Boy Love All Jay-Z
100%
So Far Gone Successful Lil Wayne
100%
So Far Gone Ignant Sh*t Lil Wayne
100%
So Far Gone Unstoppable Lil Wayne
100%
So Far Gone Uptown Lil Wayne
100%
Single (More Than A Game Documentary) Forever Lil Wayne
100%
Single I'm Goin In Lil Wayne
100%
Thank Me Later Miss Me Lil Wayne
100%
Take Care The Real Her Lil Wayne
100%
Take Care HYFR Lil Wayne
100%
Take Care The Motto Lil Wayne
100%
If You're Reading This, It's Too Late Used To Lil Wayne
100%
Certified Lover Boy You Only Live Twice Lil Wayne
100%
If You're Reading This, It's Too Late Preach PARTYNEXTDOOR
95%
If You're Reading This, It's Too Late Wednesday Night Interlude PARTYNEXTDOOR
95%
Views With You PARTYNEXTDOOR
95%
More Life Since Way Back PARTYNEXTDOOR
95%
For All The Dogs Members Only PARTYNEXTDOOR
95%
Some $exy Songs For U Basically Every Song PARTYNEXTDOOR
95%
Single Somebody Love Me Pt 2 PARTYNEXTDOOR
95%
Habibti Fortworth PARTYNEXTDOOR
95%
Single (More Than A Game Documentary) Forever Kanye West
89%
More Life Glow Kanye West
89%
Views Grammys Future
84%
Dark Lane Demo Tapes Desires Future
84%
Dark Lane Demo Tapes D4L Future
84%
Certified Lover Boy Way 2 Sexy Future
84%
Certified Lover Boy N 2 Deep Future
84%
Iceman Ran To Atlanta Future
84%
Take Care Buried Alive Interlude Kendrick Lamar
84%
Thank Me Later Up All Night Nicki Minaj
84%
Take Care Make Me Proud Nicki Minaj
84%
Take Care Take Care Rihanna
84%
Views Too Good Rihanna
84%
If You're Reading This, It's Too Late Company Travis Scott
84%
More Life Portland Travis Scott
84%
Certified Lover Boy Fair Trade Travis Scott
84%
Her Loss P*ssy And Millions Travis Scott
84%
Thank Me Later Fireworks Alicia Keys
79%
Single Sneakin 21 Savage
74%
Certified Lover Boy Knife Talk 21 Savage
74%
Honestly, Nevermind Jimmy Cooks 21 Savage
74%
Her Loss Basically Every Song 21 Savage
74%
For All The Dogs Calling For You 21 Savage
74%
100 Gigs It's Up 21 Savage
74%
Iceman B's On The Table 21 Savage
74%
Single (More Than A Game Documentary) Forever Eminem
74%
The Best In The World Pack Money In The Grave Rick Ross
74%
Care Package Free Spirit Rick Ross
74%
Scary Hours 2 Lemon Pepper Freestyle Rick Ross
74%
Certified Lover Boy You Only Live Twice Rick Ross
74%
Care Package Jodeci Freestyle J Cole
68%
For All The Dogs First Person Shooter J Cole
68%
For All The Dogs Scary Hours Edition Evil Ways J Cole
68%
Scary Hours 2 Wants and Needs Lil Baby
68%
Single On The Radar Freestyle Central Cee
63%
Maid Of Honour Which One? Central Cee
63%
Dark Lane Demo Tapes Not You Too Chris Brown
63%
For All The Dogs Rich Baby Daddy Sexyy Red
63%
Maid Of Honour Cheetah Print Sexyy Red
63%
Habibti Hurr Not Thurr Sexyy Red
63%
Certified Lover Boy Yebba's Heartbreak Yebba
63%
More Life Sacrifices Young Thug
63%
More Life Ice Melts Young Thug
63%
Dark Lane Demo Tapes D4L Young Thug
63%
Certified Lover Boy Way 2 Sexy Young Thug
63%
100 Gigs It's Up Young Thug
63%
For All The Dogs Gently Bad Bunny
58%
Single Laugh Now, Cry Later Lil Durk
58%
Certified Lover Boy In The Bible Lil Durk
58%
Iceman Ran To Atlanta Molly Santana
58%
For All The Dogs Slime You Out SZA
58%
For All The Dogs Rich Baby Daddy SZA
58%
For All The Dogs IDGAF Yeat
58%
Single Dog House Yeat
58%
Take Care The Real Her André 3000
53%
Nothing Was The Same From Time Jhené Aiko
53%
More Life Get It Together Jorja Smith
53%
Nothing Was The Same Hold On, We're Going Home Majid Jordan
53%
Views Summers Over Interlude Majid Jordan
53%
Scorpion Don't Matter To Me Michael Jackson
53%
Nothing Was The Same Too Much Sampha
53%
More Life 4422 Sampha
53%
Take Care Crew Love Weeknd
53%
Dark Lane Demo Tapes Chicago Freestyle GIVEON
47%
Certified Lover Boy In The Bible GIVEON
47%
Certified Lover Boy IMY2 Kid Cudi
47%
100 Gigs Housekeeping Knows Latto
47%
More Life Portland Quavo
47%
Certified Lover Boy Fountains Tems
47%
Take Care We'll Be Fine Birdman
42%
For All The Dogs Another Late Night Lil Yachty
42%
Some $exy Songs For U Pimmie's Dilemma Pimmie
42%
Dark Lane Demo Tapes Pain 1993 Playboi Carti
42%
Views One Dance Wizkid
42%
Nothing Was The Same (Deluxe) All Me 2 Chainz
37%
More Life Sacrifices 2 Chainz
37%
More Life No Long Talk Giggs
37%
More Life KMT Giggs
37%
For All The Dogs Am*n Teezo Touchdown
37%
Thank Me Later Fancy T.I.
32%
Take Care The Motto (Music Video Only) Tyga
32%
More Life Get It Together Black Coffee
26%
Single I'm Goin In Jeezy
26%
Thank Me Later Unforgettable Jeezy
26%
Habibti I'm Spent Loe Shimmy
26%
Certified Lover Boy Knife Talk Project Pat
26%
So Far Gone Successful Trey Songz
26%
Nothing Was The Same (Deluxe) All Me Big Sean
21%
Single Somebody Love Me Pt 2 Cash Cobain
21%
Single Dog House Julia Wolf
21%
Views One Dance Kyla
21%
So Far Gone Little Bit Lykke Li
21%
Thank Me Later Fancy Swizz Beatz
21%
Thank Me Later Shut It Down THE-DREAM
21%
Scorpion After Dark Ty Dolla $ign
21%
Certified Lover Boy Get Along Better Ty Dolla $ign
21%
So Far Gone Bria's Interlude Omarion
16%
So Far Gone Let's Call It Off Peter Bjorn
16%
So Far Gone Outro Chilly Gonzales
11%
Some $exy Songs For U Meet Your Padre Chino Pacas
11%
Nothing Was The Same 305 To My City Detail
11%
Views Faithful dvsn
11%
Dark Lane Demo Tapes Demons Fivio Foreign
11%
Maid Of Honour True Bestie Iconic Savvy
11%
So Far Gone Let's Call It Off John
11%
So Far Gone A Night Off Lloyd
11%
So Far Gone Uptown Bun B
5%
Views Faithful Pimp C
5%
Maid Of Honour Amazing Shape Popcaan
5%
Habibti Slap The City Qendresa
5%
So Far Gone Unstoppable Santigold
5%
Dark Lane Demo Tapes Demons Sosa Geek
5%
Scorpion After Dark Static Major
5%
Maid Of Honour Outside Twerking Stunna Sandy
5%
Single Pop Style The Throne
5%
Care Package Girls Love Beyoncé James Fauntelroy
0%
No matching quizzes found
Score Distribution
Percent of People with Each Score
Percentile by Number Answered
Your Score History
You have not taken this quiz